京成「スカイライナー」の停車駅 - Statistics

General Stats
  • This quiz has been taken 129 times
  • The average score is 9 of 10
Answer Stats
停車駅 % Correct
京成上野
98%
成田空港
98%
日暮里
95%
青砥
91%
空港第2ビル
90%
京成船橋
84%
京成成田
84%
京成佐倉
80%
新鎌ヶ谷
77%
八千代台
56%
No matching quizzes found
Score Distribution
Percent of People with Each Score
Percentile by Number Answered
Your Score History
You have not taken this quiz